| 000 | 00388nam a2200157Ia 4500 | ||
|---|---|---|---|
| 003 | GCL | ||
| 008 | 140319s9999 xx 000 0 eng d | ||
| 040 |
_aGCL / _cGCL |
||
| 082 | 0 | 4 |
_a516 _bV A |
| 100 | 1 | _aVULCONESCU, JON | |
| 245 | 1 | 0 |
_aAMERICAN GEOMETRY / _cVULCONESCU, JON |
| 260 |
_a[S.N] : _bION VULCANESCU ، _c1993 |
||
| 650 | 0 | 4 | _aPYRAMIDS |
| 650 | 0 | 4 | _aGEOMETRY |
| 942 |
_2ddc _cBK |
||
| 999 |
_c16994 _d16994 |
||